000 01248nam a22003137a 4500
999 _c44913
_d44913
001 18484
003 CO-MdFUSB
005 20190202100322.0
008 160825t2013 xxu||||| |||| 00| 0 spa d
020 _a978-0-8297-6527-4
040 _cCO-MdFUSB
_aCO-MdFUSB
_bspa
_dCO-MdFUSBC
_erda
041 0 _aspa
082 0 4 _aG 227.83 H556a
100 1 _aHermosillo, Héctor
_eautor
245 1 3 _aEl aprendiz
_b : 1 y 2a Timoteo. Hoy
_c/ Héctor Hermosillo
246 _aEl aprendiz :
_bprimera y segunda a timoteo
264 4 _aMiami, Florida :
_bVida,
_c©2013
300 _a176 páginas
336 _2rdacontent
_atexto
_btxt
337 _2rdamedia
_asin mediación
_bn
338 _2rdacarrier
_avolumen
_bnc
501 _arústico
505 0 0 _a1 Timoteo : ¿Cómo protegernos? -- Nuestro primer recurso -- Lo más importante -- Entendimiento correcto... Comportamiento correcto -- Un maravilloso principio -- El "ingrediente especial". 2 Timoteo : Un buen líder -- Instrumentos útiles al Señor -- Antes del regreso de Jesucristo -- Al servicio del ministerio
650 0 _aBiblia
_916
653 _aBiblia N.T - Primera carta a Timoteo
653 _aBiblia N.T - Segunda carta a Timoteo
653 _aBiblia - Cometarios
942 _cBK